[Event "Offenes Qualifikationsturnier"]
[Site "Berlin"]
[Date "2012.04.14"]
[Round "9.18"]
[White "Heerde, Thomas"]
[Black "Vidic, Dobrivoje"]
[Result "1-0"]
[WhiteElo "1927"]
[BlackElo "1812"]
[PlyCount "101"]
[EventDate "2012.??.??"]
[WhiteTeam "SC Weisse Dame"]
[BlackTeam "SK Dragojle Babic"]

1. Nf3 d5 2. g3 Nf6 3. Bg2 c5 4. O-O Nc6 5. d3 e5 6. Nbd2 Be7 7. e4 dxe4 8.
dxe4 Bg4 9. h3 Bh5 10. c3 O-O 11. Qe2 Qc7 12. g4 Bg6 13. Nh4 Rad8 14. Kh1 a6
15. a4 Rd7 16. Nf5 Bd8 17. Rg1 h6 18. Nf1 Nh7 19. N1e3 Bxf5 20. gxf5 Nf6 21.
Nd5 Nxd5 22. exd5 Ne7 23. f6 Ng6 24. fxg7 Kxg7 25. Qh5 Rh8 26. Be4 Qd6 27. c4
Qf6 28. Ra3 Rd6 29. Rag3 Qxf2 30. Bxg6 fxg6 31. Rxg6+ Rxg6 32. Qxg6+ Kf8 33.
Qg7+ Ke8 34. Qxh8+ Kd7 35. Qg7+ Be7 36. Qg4+ Kc7 37. Bxh6 Bd6 38. Qg2 Qh4 39.
Bd2 Kb6 40. a5+ Ka7 41. b4 cxb4 42. Be3+ Ka8 43. c5 Bb8 44. d6 b3 45. c6 Bxd6
46. cxb7+ Kb8 47. Bf2 Qc4 48. Qg8+ Qxg8 49. Rxg8+ Kxb7 50. Rg3 Kc6 51. Rxb3 1-0

[Event "Offenes Qualifikationsturnier"]
[Site "Berlin"]
[Date "2012.04.14"]
[Round "9.20"]
[White "Muench, Robert"]
[Black "Heldt, Ronny"]
[Result "1-0"]
[WhiteElo "1890"]
[BlackElo "1757"]
[PlyCount "48"]
[EventDate "2012.??.??"]
[WhiteTeam "Treptower SV 1949"]
[BlackTeam "SC Kreuzberg"]

1. f4 d5 2. Nf3 c5 3. e3 g6 4. d4 Bg7 5. Nbd2 b6 6. c3 Bb7 7. Ne5 Qc7 8. Bb5+
Nc6 9. Qa4 Rc8 10. Ndf3 Kf8 11. O-O Nh6 12. Ng5 Bf6 13. Nexf7 Bxg5 14. Nxg5 Qd6
15. dxc5 bxc5 16. Bxc6 Bxc6 17. Qxa7 Bb5 18. Re1 Qc6 19. e4 dxe4 20. Rxe4 Qd6
21. Be3 c4 22. Bc5 Rxc5 23. Ne6+ Kf7 24. Qxc5 Bc6 1-0